LEADER 03531nam 2200541 a 450 001 9910790117703321 005 20230801222749.0 010 $a1-283-95411-7 010 $a1-78042-913-4 035 $a(CKB)2670000000180967 035 $a(EBL)915108 035 $a(OCoLC)793511417 035 $a(MiAaPQ)EBC915108 035 $a(Au-PeEL)EBL915108 035 $a(CaPaEBR)ebr10621997 035 $a(CaONFJC)MIL426661 035 $a(EXLCZ)992670000000180967 100 $a20121128d2012 uy 0 101 0 $ager 135 $aur|n|---||||| 181 $2rdacontent 182 $2rdamedia 183 $2rdacarrier 200 10$a[Temptis]$b[electronic resource] $iDie Kunst Afrikas /$fMaurice Delafosse ; [U?bersetzung, Romy Fischer ; Redaktion der deutschen Ausgabe, Klaus H. Carl] 210 $aNew York $cParkstone International$d[2012] 215 $a1 online resource (256 p.) 225 1 $aTemporis 300 $aDescription based upon print version of record. 311 $a1-906981-26-4 320 $aIncludes bibliographical references and index. 327 $aDie Anfa?nge des Songhai-ReichesDas Mandingo-Reich; Die Reiche der Mossi; Westafrika - 15. bis 20. Jahrhundert; Historischer Quellenreichtum; Das Mandingo- und das Songhai-Reich; Der Askia Mohammed; Koli Tenguella; Die letzten Askia; Die Paschas aus Timbuktu; Die Bambara-Reiche; Die Tukulor-Eroberung; Die Samori-Streifzu?ge; Die Vo?lker der Westku?ste; Die Vo?lker des Nigerbogens; Die Schwarzen im Zentral- und Ostsudan; Das Land der Hausa; Das Bornu-Reich; Das Sultanat Bagirmi; Das Ko?nigreich Wadai; Darfur und Kurdufan; Die Eskapaden von Rabih; Der Mahdismus 327 $aDie Nachbarvo?lker Abessiniens und die Vo?lker der Ostspitze AfrikasSu?dafrika; Die Bantu; Der Kongo; Das Ko?nigreich Ansika; Das Reich des Mataman; Das Reich der Betschuanen; Das Reich des Monomotapa; Kilwa und die Sultanate von Zandsch; Die Reiche im Landesinneren; Europa?ische und christliche Einflu?sse; Materielle Kulturen; Die Vielfalt materieller Kulturen; Der Einfluss des Umfelds; Behausungen; Ausstattung; Kleidung und Schmuck; Berufe; Soziale Sitten; Die Familie und zwei Verwandtschaftsmodelle; Der Patriarch; Die Ehe; Die Scheidung; Die Kinder; Die Polygamie; Kollektiv- und Privateigentum 327 $aAngebliche geistige Unterlegenheit der Schwarzen - Ein niemals erbrachter Beweis und zahlreiche GegenbeweiseAnhang; Ausgewa?hlte Bibliografie; Anmerkungen; Abbildungsverzeichnis nach Ethnien 330 $aDie Kunst Afrikas la?dt dazu ein, den dynamischen Urspru?ngen der Vielzahl ku?nstlerischer Ausdrucksmo?glichkeiten auf denGrund zu gehen, die von diesem exotisch mystischen Kontinent ausgehen.Seit die afrikanische Kunst durch die koloniale Entdeckung am Ende des 19. Jahrhunderts bekannt wurde, diente sieKu?nstlern, die sie u?ber die Zeit immer wieder nachahmten, als unerscho?pfl iche Inspirationsquelle.Die Sta?rke der Kunst Subsahara-Afrikas liegt in ihrer visuellen Vielfalt, worin die Kreativita?t der Ku?nstler offenbar wird, diefortwa?hrend neue stylistische Formen entwerfen. Von Mauretanien bis nach S 410 0$aTemporis 606 $aArt, African 615 0$aArt, African. 676 $a709.6 700 $aDelafosse$b Maurice$0130623 701 $aFischer$b Romy$01484144 701 $aCarl$b Klaus H$0861194 801 0$bMiAaPQ 801 1$bMiAaPQ 801 2$bMiAaPQ 906 $aBOOK 912 $a9910790117703321 996 $aTemptis$93702685 997 $aUNINA LEADER 02625nas 2200421 n 450 001 990008892570403321 005 20240229084445.0 011 $a0255-8610 035 $a000889257 035 $aFED01000889257 035 $a(Aleph)000889257FED01 035 $a000889257 091 $2CNR$aP 00000048 100 $a20090724b19581961km-y0itaa50------ba 101 0 $arum 110 $aauu-------- 200 1 $aAnalele Institutului de Cercetari Agronomice al Academia Republici Populare Romine. Seria C: Fiziologie, genetica, ameliorare, protectia plantelor si tehnologie agricola 207 1$a1958-1961 210 $aBucuresti$c[s.n.] 440 0$1001000889262$12001$aAnalele Institutului de Cercetari pentru Cereale si Plante Tehnice Fundulea. Seria C, Ameliorare, genetica, fiziologie si tehnologie agricola 443 0$1001000889254$12001$aAnalele Institutului de Cercetari Agronomice al Academia Republici Populare Romine 530 0 $aAnalele Institutului de Cercetari Agronomice al Academia Republici Populare Romine. Seria C: Fiziologie, genetica, ameliorare, protectia plantelor si tehnologie agricola 675 $a63 675 $a581.2 712 02$aAcademia Republicii Populare Romine$bInstitutul de Cercetari Agronomice 801 0$aIT$bACNP$c20090723 859 4 $uhttp://acnp.cib.unibo.it/cgi-ser/start/it/cnr/dc-p1.tcl?catno=29&person=false&language=ITALIANO&libr=&libr_th=unina1$zBiblioteche che possiedono il periodico 901 $aSE 912 $a990008892570403321 958 $aBiblioteca Centralizzata. Facoltà di Agraria dell'Università Federico II di Napoli$b1959;$fFAGBC 958 $aBiblioteca del Dipartimento di Entomologia e Zoologia Agraria dell'Università degli Studi di Napoli Federico II$b1958-1959;$fDAGEN 959 $aFAGBC 959 $aDAGEN 996 $aAnalele Institutului de Cercetari Agronomice al Academia Republici Populare Romine. Seria C: Fiziologie, genetica, ameliorare, protectia plantelor si tehnologie agricola$9801564 997 $aUNINA AP1 8 $6866-01$aNA087 Biblioteca Centralizzata. Facoltà di Agraria dell'Università Federico II di Napoli$ev. Università, 100 Palazzo Reale, 80055 Portici (NA)$m081-2539322$m081-7760229$nit AP1 8 $6866-02$aNA219 Biblioteca del Dipartimento di Entomologia e Zoologia Agraria dell'Università degli Studi di Napoli Federico II$eVia Università, 100, 80055 Portici (NA)$m0812539188$m0817755145$nit AP2 40$aacnp.cib.unibo.it$nACNP Italian Union Catalogue of Serials$uhttp://acnp.cib.unibo.it/cgi-ser/start/it/cnr/df-p.tcl?catno=29&language=ITALIANO&libr=&person=&B=1&libr_th=unina&proposto=NO